<?xml version="1.0" encoding="UTF-8"?><?xml-stylesheet type="text/xsl" href="static/style.xsl"?><OAI-PMH xmlns="http://www.openarchives.org/OAI/2.0/" xmlns:xsi="http://www.w3.org/2001/XMLSchema-instance" xsi:schemaLocation="http://www.openarchives.org/OAI/2.0/ http://www.openarchives.org/OAI/2.0/OAI-PMH.xsd"><responseDate>2026-06-07T06:20:31Z</responseDate><request verb="GetRecord" identifier="oai:docta.ucm.es:20.500.14352/120940" metadataPrefix="marc">https://docta.ucm.es/rest/oai/request</request><GetRecord><record><header><identifier>oai:docta.ucm.es:20.500.14352/120940</identifier><datestamp>2025-06-05T23:56:56Z</datestamp><setSpec>com_20.500.14352_14</setSpec><setSpec>col_20.500.14352_15</setSpec></header><metadata><record xmlns="http://www.loc.gov/MARC21/slim" xmlns:dcterms="http://purl.org/dc/terms/" xmlns:xsi="http://www.w3.org/2001/XMLSchema-instance" xmlns:doc="http://www.lyncode.com/xoai" xsi:schemaLocation="http://www.loc.gov/MARC21/slim http://www.loc.gov/standards/marcxml/schema/MARC21slim.xsd">
   <leader>00925njm 22002777a 4500</leader>
   <datafield ind2=" " ind1=" " tag="042">
      <subfield code="a">dc</subfield>
   </datafield>
   <datafield ind2=" " ind1=" " tag="720">
      <subfield code="a">Rodríguez Vázquez, José Francisco</subfield>
      <subfield code="e">author</subfield>
   </datafield>
   <datafield ind2=" " ind1=" " tag="720">
      <subfield code="a">Verdugo López, Samuel</subfield>
      <subfield code="e">author</subfield>
   </datafield>
   <datafield ind2=" " ind1=" " tag="720">
      <subfield code="a">Kim, Ji Hyun</subfield>
      <subfield code="e">author</subfield>
   </datafield>
   <datafield ind2=" " ind1=" " tag="720">
      <subfield code="a">Hirano-Kawamoto, Ai</subfield>
      <subfield code="e">author</subfield>
   </datafield>
   <datafield ind2=" " ind1=" " tag="720">
      <subfield code="a">Murakami, Gen</subfield>
      <subfield code="e">author</subfield>
   </datafield>
   <datafield ind2=" " ind1=" " tag="720">
      <subfield code="a">Yamamoto, Masahito</subfield>
      <subfield code="e">author</subfield>
   </datafield>
   <datafield ind2=" " ind1=" " tag="260">
      <subfield code="c">2025-04</subfield>
   </datafield>
   <datafield ind2=" " ind1=" " tag="520">
      <subfield code="a">Background
The vagus nerve auricular branch (Xab) is a well-known sensory nerve and it communicates with the facial and glossopharyngeal nerves. Xab passes through the so-called mastoid canaliculus of the temporal bone (TB) to reach the facial nerve. We aimed to examine the nerve origin, communication and course of Xab as well as bone components along the nerve.
Methods
We observed serial histological sections of 13 embryos (6–8 weeks of gestation) and 31 midterm fetuses (9–17 weeks) as well as semiserial sections of 11 late-term fetuses (25–32 weeks).
Results
The initial Xab originated from both the glossopharyngeal and vagus nerves and these two roots were joined at six weeks. Soon later, Xab ran laterally along the anteromedial aspect of the internal jugular vein to reach the facial nerve. Communication with the sympathetic trunk appeared by nine weeks. By 12 weeks, variations became evident in the nerve course, communication and terminal. A microganglion sometimes accompanied Xab. The early Xab ran through a relatively large space between the future occipital condyle and Reichert’s cartilage. Depending on a delayed growth of the otic capsule precondylar process, the nerve became to pass through a narrow space between the otic capsule (or Rechert’s cartilage) and occipital. At late-term, Xab passed through a canaliculus between the occipital and TB or within the TB.
Conclusions
Xab had two roots, ran along the anterior wall of the bony jugular fossa and, penetrated the TB or passed between the occipital and TB to reach the facial nerve descending portion.</subfield>
   </datafield>
   <datafield ind1="8" ind2=" " tag="024">
      <subfield code="a">Rodríguez-Vázquez JF, Verdugo-López S, Kim JH, Hirano-Kawamoto A, Murakami G, Yamamoto M. Origin, communication and course of the vagus nerve auricular branch with special references to the mastoid canaliculus for the nerve: A study using human fetus histological sections. Ann Anat. 2025 Apr;259:152389. doi: 10.1016/j.aanat.2025.152389</subfield>
   </datafield>
   <datafield ind1="8" ind2=" " tag="024">
      <subfield code="a">0940-9602</subfield>
   </datafield>
   <datafield ind1="8" ind2=" " tag="024">
      <subfield code="a">10.1016/j.aanat.2025.152389</subfield>
   </datafield>
   <datafield ind1="8" ind2=" " tag="024">
      <subfield code="a">https://hdl.handle.net/20.500.14352/120940</subfield>
   </datafield>
   <datafield ind1="8" ind2=" " tag="024">
      <subfield code="a">1618-0402</subfield>
   </datafield>
   <datafield ind1="8" ind2=" " tag="024">
      <subfield code="a">https://doi.org/10.1016/j.aanat.2025.152389</subfield>
   </datafield>
   <datafield ind1="8" ind2=" " tag="024">
      <subfield code="a">39947262</subfield>
   </datafield>
   <datafield ind1="8" ind2=" " tag="024">
      <subfield code="a">https://www.sciencedirect.com/science/article/pii/S0940960225000160</subfield>
   </datafield>
   <datafield ind1="8" ind2=" " tag="024">
      <subfield code="a">https://pubmed.ncbi.nlm.nih.gov/39947262/</subfield>
   </datafield>
   <datafield ind2="0" ind1="0" tag="245">
      <subfield code="a">Origin, communication and course of the vagus nerve auricular branch with special references to the mastoid canaliculus for the nerve: A study using human fetus histological sections</subfield>
   </datafield>
</record></metadata></record></GetRecord></OAI-PMH>